Zagadnienia kategorii stopnia w jezykach slowianskich ; Red. Stanislaw Dziechciaruk

Bibliographic Details
Other Authors: Dziechciaruk, Stanislaw (kor)
Format: Book
Language:Polish
PhysicalDescription:24 cm
Published: Warszawa Wydawnictwa Uniwersytetu Warszawskiego 1990
ISBN:8323003955

MARC

LEADER 00000nam a2200000 a 4500
001 vtls001134460
003 SK-MaSNL
005 20260301062959.0
008 250414s1990 pl 0 pol
020 |a 8323003955 
035 |a SNK000077312 
040 |a SNK  |b slo  |c SNK  |e AACR2 
041 0 |a pol 
044 |a pl  |c PL 
080 |a 808.1-556(082)  |2 1981 
245 0 0 |a Zagadnienia kategorii stopnia w jezykach slowianskich ; Red. Stanislaw Dziechciaruk 
260 |a Warszawa  |b Wydawnictwa Uniwersytetu Warszawskiego  |c 1990 
300 |c 24 cm 
700 1 |a Dziechciaruk, Stanislaw  |4 kor  |9 378014 
852 |a Slovenská národná knižnica 
919 |a 83-230-0395-5 
958 |a OND 
999 |c 622513  |d 624443 
952 |t P60, <04>, [BOOK], {604}  |a SNK  |b SNK  |y VYP  |7 0  |p 17A0267404  |o snkIC 96992/5  |0 0  |1 0  |4 0  |d 2001-02-28  |l 0  |r 2005-01-01 00:00:00  |w 2026-02-23